Tristan and Isolt : (Record no. 77485)
[ view plain ]
| 000 -LEADER | |
|---|---|
| fixed length control field | 00580nam a2200205 a 4500 |
| 001 - CONTROL NUMBER | |
| control field | 77485 |
| 003 - CONTROL NUMBER IDENTIFIER | |
| rucl marc code | BD-RjUL |
| 005 - DATE AND TIME OF LATEST TRANSACTION | |
| control field | 20211209082957.0 |
| 008 - FIXED-LENGTH DATA ELEMENTS--GENERAL INFORMATION | |
| fixed length control field | 200929s1927 enk 000 0 eng d |
| 035 ## - SYSTEM CONTROL NUMBER | |
| System control number | (BD-RjUL)77710 |
| 040 ## - CATALOGING SOURCE | |
| Original cataloging agency | BD-RjUL |
| Language of cataloging | eng |
| Transcribing agency | BD-RjUL |
| 041 ## - LANGUAGE CODE | |
| Language code of text/sound track or separate title | eng |
| 082 ## - DEWEY DECIMAL CLASSIFICATION NUMBER | |
| Classification number | 822.9 |
| Author mark and year | MAT 1927 |
| 100 1# - MAIN ENTRY--PERSONAL NAME | |
| Personal name | Masefield, John, |
| Dates associated with a name | 1878-1967. |
| 9 (RLIN) | 241656 |
| 245 10 - TITLE STATEMENT | |
| Title | Tristan and Isolt : |
| Remainder of title | a play in verse / |
| Statement of responsibility, etc. | by John Masefield |
| 260 ## - PUBLICATION, DISTRIBUTION, ETC. (IMPRINT) | |
| Place of publication, distribution, etc. | London : |
| Name of publisher, distributor, etc. | W. Heinemann, |
| Date of publication, distribution, etc. | 1927 |
| 300 ## - PHYSICAL DESCRIPTION | |
| Pagination | 135 p., |
| Size | 19 cm. |
| 600 00 - SUBJECT ADDED ENTRY--PERSONAL NAME | |
| Personal name | Tristan |
| Titles and other words associated with a name | (Legendary character) |
| 942 ## - ADDED ENTRY ELEMENTS (KOHA) | |
| Source of classification or shelving scheme | Dewey Decimal Classification |
| Koha item type | Books |
| Lost status | Source of classification or shelving scheme | Damaged status | Not for loan | Collection code | Permanent Location | Current Location | Shelving location | Date acquired | Source of acquisition | Cost, normal purchase price | Total Checkouts | Full call number | Date last seen | Copy number | Koha item type |
|---|---|---|---|---|---|---|---|---|---|---|---|---|---|---|---|
| Dewey Decimal Classification | Fiction | Central Library, University of Rajshahi | Central Library, University of Rajshahi | 16/12/1969 | Zeitlinger | 0.60 | 822.9 MAT 1927 | 29/09/2020 | C-2 | Books | |||||
| Dewey Decimal Classification | Not For Loan | Fiction | Central Library, University of Rajshahi | Central Library, University of Rajshahi | Reading Room | 23/10/1965 | Blackwell | 6.00 | 822.9 MAT 1927 | 29/09/2020 | C-1 | Books |